La fianza
Сохранить в:
| Главный автор: | |
|---|---|
| Формат: | |
| Язык: | испанский |
| Опубликовано: |
Santiago
Jurídica ConoSur
1999
|
| Предметы: | |
| Метки: |
Добавить метку
Нет меток, Требуется 1-ая метка записи!
|
MARC
| LEADER | 00000nam a2200000 a 4500 | ||
|---|---|---|---|
| 001 | UCP4880 | ||
| 003 | CL-VaPUC | ||
| 008 | 990821e19990000CL |||||||||||||||||spa|d | ||
| 082 | 0 | 4 | |a 346.074 |b VOD |2 21 |
| 100 | 0 | |a Vodanovic Haklicka, Antonio |e author |9 432851 | |
| 245 | 1 | 3 | |a La fianza |
| 300 | |a 217 p | ||
| 942 | |c BK | ||
| 945 | |d 19990821 00:00:00 |a vberengu | ||
| 260 | |a Santiago |b Jurídica ConoSur |c 1999 | ||
| 650 | 0 | |a Cesión de deudas |9 385205 | |
| 650 | 0 | |a Consentimiento |9 258520 | |
| 650 | 0 | |a Contrato |9 336601 | |
| 650 | 0 | |a Derecho comparado |9 255664 | |
| 650 | 0 | |a Deudor y acreedor |9 256643 | |
| 650 | 0 | |a Fianza |9 384920 | |
| 650 | 0 | |a Obligaciones |9 255578 | |
| 583 | |a last modification |c 19990821 00:00:00 |k Rodrigo Vera | ||
| 999 | |c 282773 |d 282771 | ||
| 952 | |0 0 |1 0 |4 0 |6 346_074000000000000_VOD_1999 |7 0 |8 A |9 325159 |a BIBDER |b BIBDER |d 2019-11-20 |i 3552276 |o 346.074 VOD 1999 |p 3552276 |r 2023-01-25 |w 2019-11-20 |y BK |k DER | ||